000 00364cam a22001097a 4500
008 180718b1979 xxu||||| |||| 00| 0 eng d
082 _aX6x5444 K147
245 _aMaster plan for rural roads in Karnataka
_cby Public Works Department, Karnataka
260 _aBangalore
_bPublic Works Department
_c1979
300 _a114p.
700 _aKarnataka. Public Works Department
999 _c498782
_d498782